Mots Croisés - Harry Potter - Statistiques

Statistiques générales
  • Ce quiz a été pris 980 fois
  • Le résultat moyen est 20 sur 23
Statistiques - réponses
Définitions Réponses % Correct
Maison rivale de celle d'Harry Potter Serpentard
98%
Celui-Dont-On-Ne-Doit-Pas-Prononcer-Le-Nom Voldemort
98%
Prénom de la meilleure amie d'Harry Potter Hermione
97%
Sport fictif pratiqué sur des balais volants Quidditch
97%
Prénom du meilleur ami d'Harry Potter Ron
97%
Outil magique utilisé par les sorciers pour jeter des sorts Baguette
95%
Directeur de l'école de sorcellerie Dumbledore
95%
Personne dépourvue de pouvoirs magiques Moldu
95%
Nom de l'école de sorcellerie où étudient Harry Potter et ses amis Poudlard
95%
Chapeau magique qui répartit les nouveaux élèves dans l'une des quatre maisons Choixpeau
94%
Prénom de l'ennemi juré d'Harry Potter Drago
93%
Maison à laquelle appartient Harry Potter Gryffondor
93%
Nom de la chouette blanche d'Harry Potter Hedwige
92%
Prénom du père d'Harry Potter James
92%
Premier balai magique de compétition d'Harry Potter Nimbus
92%
Prénom de la petite amie rousse d'Harry Potter Ginny
91%
Prénom du parrain d'Harry Potter Sirius
91%
Objet magique dans lequel un sorcier dissimule une partie de son âme pour devenir immortel Horcruxe
85%
Gardien des Clés et des Lieux Hagrid
83%
Sortilège de défense contre les Détraqueurs Patronus
76%
Lettre magique qui délivre un message avec la voix de son expéditeur Beuglante
67%
Fidèle partisan de Celui-Dont-On-Ne-Doit-Pas-Prononcer-Le-Nom Mangemort
52%
Mot mystère Magie
51%
Aucun quiz correspondant
Distribution des résultats
% des personnes avec chaque résultat
Percentile par nombre de réponses
Votre historique - résultats
Vous n’avez pas pris ce quiz